Visualizzazione normale
Vista MARC
- Battistin Nerina (et al.)
di Personal Name
Records bibliografici associati: 1
001 - CONTROL NUMBER
- control field: 57512
003 - CONTROL NUMBER IDENTIFIER
- control field:
005 - DATE AND TIME OF LATEST TRANSACTION
- control field: 20181115164156.0
008 - FIXED-LENGTH DATA ELEMENTS
- fixed length control field: 181115|| aca||aabn | a|a d
040 ## - CATALOGING SOURCE
- Original cataloging agency:
- Transcribing agency:
100 ## - HEADING--PERSONAL NAME
- Personal name: Battistin Nerina (et al.)
670 ## - SOURCE DATA FOUND
- Source citation: Work cat.: (): Battistin Nerina (et al.), Giornate di approfondimento 2005-2012, 2012